| 000 | 00927nam a2200253 a 4500 | ||
|---|---|---|---|
| 001 | 000012743 | ||
| 003 | AM-YEHGA | ||
| 005 | 20250618070726.0 | ||
| 008 | 030313s2002 ai r 000 0 arm d | ||
| 020 | _a5540018435 | ||
| 040 | _aAM-YeHGA | ||
| 041 | 0 | _aarm | |
| 100 | 1 |
_aՄուրադյան, Մանուկ Նորիկի, _d1955-2013 _94101 |
|
| 245 | 1 | 0 |
_aԿառլոս Աբովյան : _b[Հուշագրություն] / _cՄ. Մանուկյան; Խմբ.՝ Վ. Սարգսյան; Լուսանկ.՝ Է. Յավրյան. |
| 260 |
_aԵրևան : _bՀայաստան, _c2002. |
||
| 300 |
_a42 էջ : _bնկ. ; _c20 սմ. |
||
| 600 | 1 | 4 | _aԱբովյան, Կառլոս |
| 650 | 1 | 4 |
_aՀայ արվեստ _95598 |
| 650 | 1 | 4 | _aԳեղանկարչություն |
| 700 | 1 |
_aՍարգսյան, Վահագն Մկրտչի, _d1962- _eխմբ. _4edt _94013 |
|
| 700 | 1 |
_aՅավրյան, Է. _eլուսանկ. _4pht |
|
| 942 | _cBK | ||
| 090 | _c3204 | ||
| 999 |
_c3174 _d3174 |
||